000 00372nam a22001577a 4500
003 SGT
020 _a9788184736595
082 _a611,ERO
100 _aEROSCHENKO,VICTOR P
245 _aDIFIORE'S ATLAS OF HISTOLOGY: WITH FUNCTIONAL CORRELATIONS
250 _a12TH
260 _aNEW DELHI
_bWOLTERS KLUWER
_c2005
300 _a603
650 _aATLAS
942 _2ddc
_cBK
_01
999 _c9977
_d9977